Educational Status of Muslims In India/ (Record no. 206602)

MARC details
000 -LEADER
fixed length control field 00638nam a2200193 4500
005 - DATE AND TIME OF LATEST TRANSACTION
control field 20241023115418.0
010 ## - LCCN (DPL NO)
LC control number ENG-142281
020 ## - INTERNATIONAL STANDARD BOOK NUMBER
Terms of availability 795.00
International Standard Book Number 9789391659011
035 ## - SYSTEM CONTROL NUMBER
System control number EN-125813
037 ## - SOURCE OF ACQUISITION
Source of stock number/acquisition DBAD
082 ## - DEWEY DECIMAL CLASSIFICATION NUMBER
Classification number 370.0954
100 ## - MAIN ENTRY--PERSONAL NAME
Personal name Tabassum, Rubina
245 ## - TITLE STATEMENT
Title Educational Status of Muslims In India/
Remainder of title Rubina Tabassum
250 ## - EDITION STATEMENT
Edition statement First
260 ## - PUBLICATION, DISTRIBUTION, ETC. (IMPRINT)
Name of publisher, distributor, etc Genusine Publications and Media Pvt. Ltd.
Place of publication, distribution, etc New Delhi
Date of publication, distribution, etc 2022
270 ## - ADDRESS
Address B-35 (LGF), Nizamuddin West
City New DElhi
Postal code 110013
Telephone number 911141827475
Electronic mail address info@genuinepublications.com
300 ## - PHYSICAL DESCRIPTION
Extent 136p.
Dimensions 24cm(hb)
942 ## - ADDED ENTRY ELEMENTS (KOHA)
Source of classification or shelving scheme Dewey Decimal Classification
Item type English Books
Classification part 370.0954
Call number suffix TAB
Edition 2022
Holdings
Withdrawn status Lost status Not for loan Collection code Home library Current library Date acquired Source of acquisition Cost, normal purchase price Full call number Barcode Copy number Cost, replacement price Koha item type
      Non-fiction Ashok Vihar Ashok Vihar 23/10/2024 DBAD 795.00 370.0954 TAB EN-125813 1 795.00 English Books

© Delhi Public Library
Hit Counter
free hit counter